Konkurzy po novom vynesú veriteľom viac Národná rada SR schválila nový zákon ...

Bibliographic Details
Main Author: Pálka, Igor (Author)
Format: Article
Language:Slovak
ISSN:1336-393X
Subjects:

MARC

LEADER 00000nab a2200000 a 4500
001 vtls008161443
003 SK-MaSNL
005 20260426083433.0
008 250505c2005 xo mr|p|||||||000 b|slo
015 |a SNBRB2005/06  |2 snkbucl 
035 |a urn:nbn:sk:snk-ab8bms 
035 |a (urnnbn)urn:nbn:sk:snk:ar-a07uax 
035 |a (uuid)5215f1ae-96a9-4b16-949d-f41ea3857726 
038 |a SNKBUCL 
040 |a SNKBUCL  |b slo  |c SNKBUCL  |e AACR2 
041 0 |a slo 
044 |a xo  |c SK 
080 |a 347.736:340.133  |2 1997 
100 1 |a Pálka, Igor  |4 aut  |9 751356 
245 1 0 |a Konkurzy po novom vynesú veriteľom viac  |b Národná rada SR schválila nový zákon ...  |c Igor Pálka 
650 0 7 |a konkurz  |2 snkbucl  |9 4628 
650 0 7 |a zákony  |x novelizácia  |2 snkbucl  |9 827570 
651 7 |a Slovensko  |2 snkbucl  |9 14231 
773 0 |t Eurobiznis  |g Roč. V., č. 2 (2005), s. 22-23  |x 1336-393X 
850 |a Slovenská národná knižnica 
852 |a Slovenská národná knižnica 
954 |a odborná, vedecká literatúra pôvodná (slovenská)  |2 lita 
958 |a article9 
958 |a OND 
958 |a EUIPO 
999 |c 2904644  |d 2906574